Top 10 des plus grands pays en km² en 1914 - Statistiques

Statistiques générales
  • Ce quiz a été pris 61 fois
  • Le résultat moyen est 3 sur 10
Statistiques - réponses
Classement Km² Pays % Correct
04 9.8M/km2 États-Unis
89%
05 9.6M/km2 Chine
67%
06 8.5M/km2 Brésil
46%
01 30M/km² Empire Britannique
33%
03 11M/km² Empire Français
28%
07 3.4M/km2 Empire Ottoman
21%
10 530k/km2 Empire Allemand
14%
08 676k/km2 Austro hongrois
5%
09 675k/km2 Empire Japonais
5%
02 21.8M/km2 Russie Soviétique
5%
Aucun quiz correspondant
Distribution des résultats
% des personnes avec chaque résultat
Percentile par nombre de réponses
Votre historique - résultats
Vous n’avez pas pris ce quiz